00738 a2200193 4500952012000000999001500120020001700135050002100152100003200173245010300205264005500308300001100363500002000374650002900394650003400423650003300457700002600490942002800516 001040708NFICaMCLbMCLcGENd2021-05-20l0oRC 437.5 PHI 2008p028024r2021-05-20 00:00:00tc-1w2021-05-20yBK c8431d8431 a978142418360 aRC437.5 PHI 2008 aKendler S . Kennetheeditor aPhilosophical issues in psychiatry : bexplanation, phenomenology, and nosologycKenneth S Kendler aMaryland :bJohn Hopkins University Press, c2008. a407p.: aincludes index. aPsychiatry xPhilosophy. aPsychiatry x Classification. aPhenomenological psychology. a Josef Parnaseeditor 2lcccBKh437.5iPHIkRC